[Event "AUTO-MASTER-3002"]
[Site "http://www.queenalice.com/game.php?id=1763872"]
[Date "2021.7.7"]
[Round "2"]
[White "mascarade"]
[Black "FabioDavid"]
[Result "1/2-1/2"]
[WhiteElo "2325"]
[BlackElo "2450"]

1. Nf3 Nf6 2. d4 g6 3. e3 Bg7 4. Nc3 d5 5. Be2 O-O 6. O-O e6 7. b3 b6 8. Bb2 Bb7
9. Na4 Nbd7 10. Rc1 Rc8 11. c4 dxc4 12. bxc4 c5 13. dxc5 Nxc5 14. Nxc5 bxc5 15.
Qc2 Qc7 16. Be5 Qc6 17. Qb2 Nh5 18. Bxg7 Nxg7 19. Rfd1 Ba8 20. h4 Nf5 21. Qf6
Rfe8 1/2-1/2

[Event "AUTO-ADV-4413"]
[Site "http://www.queenalice.com/game.php?id=1764948"]
[Date "2021.7.21"]
[Round "2"]
[White "mascarade"]
[Black "Esvir"]
[Result "1-0"]
[WhiteElo "2424"]
[BlackElo "1921"]

1. Nf3 d5 2. d4 c5 3. dxc5 Qa5+ 4. Nbd2 Qxc5 5. e3 Nf6 6. Nb3 Qc7 7. Nfd4 a6 8.
Bd3 e5 9. O-O exd4 10. Nxd4 Bd6 11. Nf3 Bg4 12. h3 Bh5 13. g4 Bg6 14. Nh4 Bxd3
15. cxd3 O-O 16. Bd2 Nc6 17. Rc1 Qd7 18. f4 h6 19. Rxc6 bxc6 20. Nf5 Bc5 21. Qc2
Bb6 22. Kh1 c5 23. e4 dxe4 24. dxe4 Nxe4 25. Qxe4 Qxd2 26. Qe5 f6 27. Qe6+ Kh8
28. Qxb6 Qd5+ 29. Kg1 Qxa2 30. Qxc5 Qxb2 31. Ne7 Rfe8 32. Qe3 Qb7 33. Re1 Ra7
34. Ng6+ Kh7 35. Qxe8 Qb6+ 36. Kh2 Qf2+ 37. Kh1 Qf3+ 38. Kg1 Qg3+ 39. Kf1 Qd3+
40. Kf2 Qxg6 41. Qc8 Qd3 42. Re8 Kg6 43. f5+ Kg5 44. Qc1+ Kh4 45. Re3 Qd4 46.
Qe1 Qf4+ 47. Kg2+ Kg5 48. Re4 Qc7 49. h4# 1-0

[Event "AUTO-ADV-4413"]
[Site "http://www.queenalice.com/game.php?id=1764949"]
[Date "2021.7.21"]
[Round "2"]
[White "Esvir"]
[Black "mascarade"]
[Result "0-1"]
[WhiteElo "1936"]
[BlackElo "2354"]

1. d4 d5 2. Nf3 e6 3. c4 dxc4 4. Qa4+ Bd7 5. Qxc4 a6 6. Bf4 Nc6 7. e4 Bb4+ 8.
Nc3 Nge7 9. a3 b5 10. Qd3 Ba5 11. d5 Bxc3+ 12. Qxc3 exd5 13. Qxg7 Rg8 14. Qxh7
Be6 15. exd5 Bf5 16. Qh6 Qxd5 17. Bxc7 Rg6 18. Qh8+ Kd7 19. Qxa8 Kxc7 20. Qxa6
Re6+ 21. Be2 Bd3 22. O-O Bxe2 23. Rfe1 Qxf3 24. gxf3 Rg6+ 0-1

[Event "AUTO-ADV-4413"]
[Site "http://www.queenalice.com/game.php?id=1764950"]
[Date "2021.7.21"]
[Round "2"]
[White "mascarade"]
[Black "rfdc"]
[Result "1-0"]
[WhiteElo "2340"]
[BlackElo "1886"]

1. e4 g6 2. d4 Bg7 3. c3 e6 4. Nf3 Ne7 5. Bd3 d6 6. Be3 Nbc6 7. Nbd2 a6 8. Qc2
O-O 9. O-O-O b5 10. h4 f5 11. h5 f4 12. hxg6 Nxg6 13. e5 fxe3 14. fxe3 dxe5 15.
Bxg6 hxg6 16. Qxg6 Qf6 17. Qh7+ Kf7 18. Ne4 Qe7 19. d5 exd5 20. Nfg5+ Ke8 21.
Qg6+ Kd8 22. Rxd5+ Bd7 23. Qxc6 Ra7 24. Rhd1 Kc8 25. Rxd7 Qe8 26. Nd6+ Kb8 27.
Nxe8 Rxe8 28. Rd8+ Rxd8 29. Rxd8# 1-0

[Event "AUTO-ADV-4413"]
[Site "http://www.queenalice.com/game.php?id=1764951"]
[Date "2021.7.21"]
[Round "2"]
[White "rfdc"]
[Black "mascarade"]
[Result "1-0"]
[WhiteElo "1939"]
[BlackElo "2416"]

1. e4 e5 2. Nf3 Nc6 3. Bb5 a6 4. Bxc6 dxc6 5. d3 Bg4 6. h3 Bh5 7. g4 Bg6 8. Nxe5
Qf6 9. Nxg6 Qxg6 10. Nc3 O-O-O 11. Be3 f6 12. Qf3 Bd6 13. Qf5+ Kb8 14. Qxg6 hxg6
15. O-O-O g5 16. a3 Nh6 17. Na4 g6 18. Nc5 Bxc5 19. Bxc5 Rhe8 20. f3 Nf7 21. Bb4
b6 22. Bd2 Ne5 23. f4 gxf4 24. Bxf4 Nf3 25. h4 Nd4 26. Kb1 Rh8 27. g5 Ne2 28.
Bd2 Ng3 29. Rh3 Nh5 30. gxf6 Nxf6 31. Bg5 Rdf8 32. Bxf6 Rxf6 33. e5 Re6 34. d4
Rh5 35. Rf1 g5 36. Rf6 Rxf6 37. exf6 gxh4 38. Rf3 Rh8 39. Rh3 Rf8 40. Rxh4 Rxf6
41. Kc1 a5 42. Kd2 Re6 43. Kd3 a4 44. Re4 Rd6 45. Kc4 b5+ 46. Kd3 c5 47. c3 c4+
48. Kd2 c5 49. Ke3 cxd4+ 50. Rxd4 Kc7 51. Ke4 Re6+ 52. Kf3 Kc6 53. Re4 Rd6 54.
Re2 Rd3+ 55. Ke4 Kc5 56. Ke5 Rd5+ 57. Ke6 Kc6 58. Kf6 Kd7 59. Re5 Rd6+ 60. Kf7
Kc6 61. Re2 Kc5 62. Ke7 Rd3 63. Ke8 Rd1 64. Ke7 Kd5 65. Kd7 Kc5+ 66. Kc7 Rd5 67.
Re6 Rf5 68. Rc6+ Kd5 69. Kb6 Ke4 70. Rc5 Rf8 71. Kxb5 Rb8+ 72. Kxc4 Rxb2 73. Rb5
Ra2 74. Kb4 Kd3 75. Rc5 Rb2+ 76. Kxa4 Kc2 77. Rb5 1-0

[Event "AUTO-MASTER-3003"]
[Site "http://www.queenalice.com/game.php?id=1765236"]
[Date "2021.7.24"]
[Round "2"]
[White "CCapivara"]
[Black "mascarade"]
[Result "0-1"]
[WhiteElo "2187"]
[BlackElo "2328"]

1. e4 e5 2. Nf3 Nc6 3. Bb5 Nge7 4. O-O a6 5. Ba4 d6 6. d4 exd4 7. Nxd4 b5 8. Bb3
Bb7 9. Nc3 Nxd4 10. Qxd4 c5 11. Bxf7+ Kxf7 12. Qe3 Qd7 13. f4 Re8 14. e5 Nf5 15.
Qh3 h5 16. Bd2 g6 17. g4 Nd4 18. f5 gxf5 19. gxf5 Rxe5 20. Rae1 Rg8+ 21. Kf2
Rxf5+ 0-1

[Event "AUTO-MASTER-3003"]
[Site "http://www.queenalice.com/game.php?id=1765237"]
[Date "2021.7.24"]
[Round "2"]
[White "mascarade"]
[Black "CCapivara"]
[Result "1/2-1/2"]
[WhiteElo "2361"]
[BlackElo "2179"]

1. Nf3 d5 2. d4 Nf6 3. e3 Bg4 4. Be2 Nbd7 5. h3 Bh5 6. c3 e6 7. Nbd2 Be7 8. Qc2
O-O 9. e4 dxe4 10. Nxe4 Bg6 11. Bd3 Nxe4 12. Bxe4 Bxe4 13. Qxe4 c6 14. Kf1 Nf6
15. Qe2 c5 16. Be3 Rc8 17. g3 b6 18. Kg2 Nd5 19. Bd2 cxd4 20. Nxd4 Bf6 21. Nf3
Qc7 22. Bg5 Qe7 23. Bxf6 Qxf6 24. Rhd1 Rfd8 25. Rd4 h6 26. Rad1 Nc7 27. Rd7 Nd5
28. Rxa7 g5 29. Ne5 Rc7 30. Rxc7 Nxc7 31. Rxd8+ Qxd8 32. Qh5 Qd5+ 33. Nf3 Kg7
34. h4 gxh4 35. Qxh4 Na6 36. Qd4+ Qxd4 37. Nxd4 Nc5 38. Nb5 Kf6 39. b4 Ne4 40.
a4 Ke5 41. c4 Nd2 42. c5 bxc5 43. bxc5 Kd5 44. Nd6 f5 1/2-1/2

[Event "AUTO-MASTER-3038"]
[Site "http://www.queenalice.com/game.php?id=1767444"]
[Date "2021.8.20"]
[Round "2"]
[White "mascarade"]
[Black "Artking"]
[Result "1-0"]
[WhiteElo "2352"]
[BlackElo "2032"]

1. Nf3 Nf6 2. d4 c6 3. e3 g6 4. Nc3 Bg7 5. Bd3 d6 6. Ne4 Nbd7 7. Nxf6+ Nxf6 8.
O-O O-O 9. c3 Qc7 10. Re1 e5 11. e4 Bg4 12. dxe5 dxe5 13. h3 Bd7 14. b4 Rad8 15.
a4 b5 16. a5 Be6 17. Qc2 Nh5 18. Bf1 f5 19. c4 fxe4 20. Ng5 Bd7 21. cxb5 Nf4 22.
Be3 Bf5 23. b6 Qe7 24. Bc4+ Be6 25. Nxe6 Nd5 26. Nxd8 Rxd8 27. Bxd5+ cxd5 28.
bxa7 d4 29. Qxe4 Qxa7 30. Bd2 1-0

[Event "AUTO-MASTER-3038"]
[Site "http://www.queenalice.com/game.php?id=1767445"]
[Date "2021.8.20"]
[Round "2"]
[White "Artking"]
[Black "mascarade"]
[Result "0-1"]
[WhiteElo "2065"]
[BlackElo "2336"]

1. e4 e5 2. Nf3 Nc6 3. Bb5 Nge7 4. c3 d6 5. d3 a6 6. Ba4 Bd7 7. Nbd2 Nc8 8. O-O
Be7 9. h3 Nb6 10. Bb3 Bf6 11. a4 a5 12. Re1 h5 13. Nf1 g5 14. Ne3 g4 15. hxg4
hxg4 16. Nh2 Bg5 17. Nhxg4 Bf4 18. g3 Qg5 19. gxf4 exf4 20. Nf5 Ne5 21. f3 O-O-O
22. Qd2 Nxf3+ 0-1

[Event "AUTO-MASTER-3038"]
[Site "http://www.queenalice.com/game.php?id=1767446"]
[Date "2021.8.20"]
[Round "2"]
[White "mascarade"]
[Black "Santista38"]
[Result "1/2-1/2"]
[WhiteElo "2404"]
[BlackElo "2149"]

1. Nf3 d5 2. d4 Bf5 3. e3 Nc6 4. a3 Nf6 5. Nbd2 e6 6. Bb5 Bg4 7. O-O Qd6 8. c4
dxc4 9. Bxc4 Be7 10. b4 a6 11. Bb2 O-O 12. Qc2 Bxf3 13. Nxf3 Ng4 14. e4 Bh4 15.
e5 Qe7 16. g3 Bg5 17. Nxg5 Qxg5 18. h3 Nh6 19. Qe4 Qf5 20. Qg2 Qc2 21. d5 exd5
22. Bxd5 Qxb2 23. Bxc6 bxc6 24. Qe4 Rfe8 25. Rfe1 Re6 26. g4 f6 27. Qc4 Re8 28.
Ra2 Qxa2 29. Qxa2 Nf7 30. Rd1 Rxe5 31. Rd7 R8e7 32. Rxe7 Rxe7 33. Qc4 Kf8
1/2-1/2

[Event "AUTO-MASTER-3038"]
[Site "http://www.queenalice.com/game.php?id=1767447"]
[Date "2021.8.20"]
[Round "2"]
[White "Santista38"]
[Black "mascarade"]
[Result "1-0"]
[WhiteElo "2128"]
[BlackElo "2418"]

1. d4 d5 2. Bf4 Nf6 3. Nc3 a6 4. e3 e6 5. Nf3 Nc6 6. Bd3 Nb4 7. a3 Nxd3+ 8. Qxd3
Bd6 9. Bg5 Be7 10. Bxf6 Bxf6 11. O-O O-O 12. Rad1 a5 13. e4 b5 14. e5 Be7 15.
Qxb5 Ba6 16. Qa4 Bxf1 17. Kxf1 c5 18. dxc5 Bxc5 19. Qb5 Qc7 20. Na4 Rfb8 21.
Qxc5 Qxc5 22. Nxc5 Rxb2 23. Nd4 Rc8 24. Na4 Ra2 25. Rd3 Ra1+ 26. Ke2 f6 27. f4
fxe5 28. fxe5 h5 29. h4 Rh1 30. g3 g5 31. hxg5 1-0

[Event "AUTO-ELITE-2331"]
[Site "http://www.queenalice.com/game.php?id=1767724"]
[Date "2021.8.23"]
[Round "2"]
[White "Sexxy_Bunny"]
[Black "mascarade"]
[Result "1-0"]
[WhiteElo "2785"]
[BlackElo "2374"]

1. e4 e5 2. Nf3 Nc6 3. Bb5 Nge7 4. O-O a6 5. Ba4 Ng6 6. c3 d5 7. exd5 Qxd5 8. d4
Bg4 9. c4 Qxd4 10. Qxd4 exd4 11. Re1+ Ne7 12. Bxc6+ bxc6 13. Nxd4 O-O-O 14. Be3
Bd7 15. Nd2 Nf5 16. Nxf5 Bxf5 17. Nf3 Bb4 18. Red1 Be6 19. Nd4 Bd7 20. c5 Bxc5
21. Nxc6 Bxc6 22. Bxc5 Rxd1+ 23. Rxd1 Rd8 24. Rxd8+ Kxd8 25. f3 Kd7 26. Kf2 Bd5
27. Bf8 g6 28. b3 Ke6 29. Ke3 f5 30. Kf4 Kf6 31. h4 h5 32. Bc5 c6 33. Bd4+ Kf7
34. Ke5 f4 35. Kd6 g5 36. hxg5 Kg6 37. Bf2 Kxg5 38. Kc7 c5 39. Bxc5 h4 40. Kd6
h3 41. gxh3 Bxf3 42. Bf2 Be4 43. b4 Bc2 44. Be1 Kf5 45. Kd5 Ba4 46. h4 Be8 47.
Kc5 Bb5 48. Kb6 Ke5 49. a4 Bxa4 50. Kxa6 Be8 51. b5 Bxb5+ 52. Kxb5 Kf5 53. Kc4
Kg4 54. Kd4 1-0

[Event "AUTO-ELITE-2331"]
[Site "http://www.queenalice.com/game.php?id=1767725"]
[Date "2021.8.23"]
[Round "2"]
[White "mascarade"]
[Black "Sexxy_Bunny"]
[Result "0-1"]
[WhiteElo "2371"]
[BlackElo "2786"]

1. e4 c5 2. d3 Nc6 3. Nf3 g6 4. Be2 Bg7 5. c3 Nf6 6. O-O d6 7. a3 O-O 8. Qc2 Ne8
9. Rd1 e5 10. b4 Nc7 11. Nbd2 b5 12. bxc5 dxc5 13. Nb3 Qd6 14. Be3 Ne6 15. Ng5
Nxg5 16. Bxg5 Be6 17. Be3 Rfc8 18. Qb2 Nd8 19. Rab1 Rab8 20. h3 a6 21. Qd2 Qe7
22. c4 Bf8 23. f4 exf4 24. Bxf4 Rb6 25. Be3 Qc7 26. d4 cxd4 27. Nxd4 Bxc4 28.
Bg4 Ra8 29. a4 h5 30. Bf3 bxa4 31. Qa5 Bc5 32. Kh1 Bb3 33. Rdc1 Nb7 34. Qc3 Qe5
35. Nxb3 Qxc3 36. Rxc3 Bxe3 37. Rxe3 axb3 38. Rexb3 Rxb3 39. Rxb3 Nc5 40. Rc3
Ne6 41. e5 Ra7 42. Kg1 a5 43. Ra3 Nd4 44. Ra4 Nxf3+ 45. gxf3 Kf8 46. Kg2 Ke7 47.
Kg3 Ke6 48. f4 Kf5 49. Kf3 Ra8 50. h4 Ra6 51. Kg3 Ke6 52. Kf3 Kd5 53. Ke3 Kc6
54. Kd2 Kb5 55. Ra2 a4 56. Kc1 Rc6+ 57. Kd2 Rc7 58. Ra1 Ra7 0-1

[Event "AUTO-ELITE-2361"]
[Site "http://www.queenalice.com/game.php?id=1770155"]
[Date "2021.9.18"]
[Round "1"]
[White "mascarade"]
[Black "BEBADO"]
[Result "1-0"]
[WhiteElo "2413"]
[BlackElo "2298"]

1. e4 c5 2. Nf3 e6 3. d4 cxd4 4. Nxd4 Bc5 5. Be3 Qb6 6. b4 Qxb4+ 7. c3 Qb6 8.
Nd2 a6 9. Qg4 g6 10. Qg3 d6 11. Nc4 Qc7 12. Nb3 Bxe3 13. Qxe3 Nf6 14. Nb6 1-0

[Event "AUTO-ELITE-2361"]
[Site "http://www.queenalice.com/game.php?id=1770156"]
[Date "2021.9.18"]
[Round "1"]
[White "BEBADO"]
[Black "mascarade"]
[Result "0-1"]
[WhiteElo "2291"]
[BlackElo "2398"]

1. d4 d5 2. c4 e6 3. Nc3 Nf6 4. Nf3 Nbd7 5. e3 a6 6. cxd5 exd5 7. Bd3 Bd6 8. O-O
O-O 9. Bd2 Re8 10. Qc2 c5 11. Bf5 b6 12. Rfd1 Bb7 13. Be1 Rc8 14. Rac1 c4 15. g3
b5 16. a3 Ra8 17. Bh3 Nf8 18. Bg2 N8d7 19. Nh4 Ne4 20. Nf5 Bf8 21. Nxe4 dxe4 22.
Bb4 Bxb4 23. axb4 Nf6 24. h3 Nd5 25. Qd2 Bc8 26. g4 Bxf5 27. gxf5 Qg5 0-1

[Event "AUTO-ELITE-2361"]
[Site "http://www.queenalice.com/game.php?id=1770157"]
[Date "2021.9.18"]
[Round "1"]
[White "mascarade"]
[Black "Sexxy_Bunny"]
[Result "0-1"]
[WhiteElo "2414"]
[BlackElo "2775"]

1. e4 c5 2. Nf3 d6 3. Bb5+ Bd7 4. c4 Nf6 5. Nc3 g6 6. Bxd7+ Qxd7 7. d4 cxd4 8.
Nxd4 Bg7 9. f3 O-O 10. Nde2 Nc6 11. Be3 a6 12. Na4 Qc7 13. Nb6 Rad8 14. Qd2 Nd7
15. Nxd7 Qxd7 16. Rc1 b5 17. O-O e6 18. cxb5 axb5 19. Nf4 Rfe8 20. Rfd1 Qb7 21.
Qc2 Rc8 22. Qf2 Red8 23. b3 Ra8 24. Rd2 Nb4 25. Nd3 Nxd3 26. Rxd3 h5 27. Rcd1
Ra6 28. h4 Qa8 29. R1d2 Rc8 30. Bd4 Bf8 31. Kh2 b4 32. Be3 Rcc6 33. Bf4 Kh7 34.
g4 hxg4 35. fxg4 Kg8 36. h5 Rc3 37. Qe2 Rac6 38. hxg6 fxg6 39. Kg2 Qb7 40. Be3
Rc7 41. Bd4 Rxd3 42. Qxd3 e5 43. Bf2 Qc8 44. Qf3 Rc3 45. Qe2 Be7 46. Be3 Qc6 47.
Kf3 Bg5 48. Rd3 Bxe3 49. Qxe3 Qc8 50. Kf2 Rc2+ 51. Rd2 Rc1 52. Qg5 Qf8+ 53. Kg3
Kg7 54. Re2 Rc3+ 55. Kh2 Qh8+ 56. Kg1 Qh3 57. Qe7+ Kh6 58. g5+ Kh5 59. Qh7+ Kxg5
60. Rg2+ Kf4 61. Qxh3 Rxh3 62. Rd2 Rc3 63. Rxd6 g5 64. Kf1 Rc2 65. Rf6+ Kxe4 66.
Ra6 g4 67. a3 Ra2 68. a4 Kd3 0-1

[Event "AUTO-ELITE-2361"]
[Site "http://www.queenalice.com/game.php?id=1770158"]
[Date "2021.9.18"]
[Round "1"]
[White "Sexxy_Bunny"]
[Black "mascarade"]
[Result "1-0"]
[WhiteElo "2788"]
[BlackElo "2388"]

1. e4 e5 2. Nf3 Nc6 3. Bb5 a6 4. Ba4 Nf6 5. O-O b5 6. Bb3 Bb7 7. d3 Bc5 8. Nc3
d6 9. a4 Na5 10. Ba2 b4 11. Ne2 Rb8 12. Ng3 h6 13. Nf5 Kf8 14. h3 Ba7 15. Ng3 g6
16. Bd2 Bc8 17. Nh2 Nc6 18. Kh1 g5 19. Be3 Bd4 20. c3 Bxe3 21. fxe3 h5 22. Nf3
Rg8 23. Bxf7 Kxf7 24. Nxh5 Rg6 25. Nxg5+ Rxg5 26. Rxf6+ Ke7 27. Rh6 Qg8 28. Qe1
Be6 29. Nf6 Qf7 30. Qh4 Rg6 31. Rh7 1-0